La música latinoamericana: ritmos y danzas de un continente

Uloženo v:
Podrobná bibliografie
Hlavní autor: Leymarie, Isabelle (Autor)
Médium: Kniha
Jazyk:španělština
Vydáno: Barcelona B 1997
Témata:
Tagy: Přidat tag
Žádné tagy, Buďte první, kdo vytvoří štítek k tomuto záznamu!

MARC

LEADER 00000nam a2200000 a 4500
001 UCN8457
003 CL-VaPUC
005 20241025114334.0
008 011109e19970000SP |||||||||||||||||spa|d
999 |c 298346  |d 298344 
040 |c Pontificia Universidad Católica de Valparaíso 
082 0 4 |a 780.98  |b LEY  |2 21 
100 0 |a Leymarie, Isabelle  |e author  |9 464709 
245 1 3 |a La música latinoamericana: ritmos y danzas de un continente 
260 |a Barcelona  |b B  |c 1997 
300 |a 128 p 
583 |a last modification  |c 20011109 00:00:00  |k Rodrigo Vera 
650 0 |a Música latinoamericana  |9 328754 
650 0 |a Música argentina  |2 CL-VaPUC  |9 459308 
650 0 |a Música brasileña  |2 CL-VaPUC  |9 459319 
650 0 |a Música cubana  |9 413108 
650 0 |a Música andina  |2 CL-VaPUC  |9 464712 
650 0 |a Música popular  |9 356085 
942 |c BK  |2 ddc 
945 |d 20011109 00:00:00  |a crobeson